| 000 | 00724cab a22001935a 4500 | ||
|---|---|---|---|
| 001 | L148398 | ||
| 008 | 090914s2009 xxko f 000 0 eng d | ||
| 035 | _a(Sirsi) u148398 | ||
| 041 | 0 | _aeng | |
| 100 | 1 | _aTamburini, Michele | |
| 245 | 0 | 0 | _aTalking Italian |
| 260 | _c2009 | ||
| 490 |
_aSolicitors Journal _v153 (21) June 2009, 27-28 (2) |
||
| 520 | _aExamines the Italian real estate market and explains the process of buying a property in Italy. Presents the office market, the retail market, the industrial property market and the residential market, as well as tourist zones. Discusses prospects for 2010. | ||
| 590 | _aKA | ||
| 651 | 4 |
_aItalia = Italy _y1992- |
|
| 690 | _aPROPERTY-PROPERTY MARKET | ||
| 942 | _n0 | ||
| 999 |
_c81821 _d81821 |
||